000 00699cam a2200241 4500
008 090401t1995 xxu||||| |||| 00| 0 eng d
020 _a0860174042
035 _a(Sirsi) u56163
041 _aeng
050 _a333.73
110 _aConstruction Industry Research and Information Association
_94810
245 _aRemedial treatment of contaminated land. Volume IX: in-situ methods of remediation.
260 _aLondon
_bCIRIA
_c1995
300 _axiv,173p. : ill. ; 30cm.
350 _a0
490 _aCIRIA Special Publication
_v109
650 _aCONTAMINATED LAND
650 _aCONTAMINATED SITES
650 _aDECONTAMINATION
690 _aLAND
942 _n0
948 _c04/03/1997
999 _c93732
_d93732